|
|
|
|
| LEADER |
02743nam a2200361 a 4500 |
| 001 |
13430667 |
| 008 |
091222s2004 ii a b 001 0 eng d |
| 010 |
|
|
|a \\2003026836
|
| 020 |
|
|
|a 0761998306 (Cloth)
|
| 020 |
|
|
|a 0761932356 (Paper)
|
| 020 |
|
|
|a 8178293439
|
| 020 |
|
|
|a 817829365x
|
| 040 |
|
|
|a DLC
|c DLC
|d DLC
|d BD-DhAAL
|
| 082 |
0 |
0 |
|a 303.48/33/0954
|2 22
|
| 245 |
0 |
0 |
|a IT experience in India :
|b bridging the digital divide /
|c editors, Kenneth Keniston and Deepak Kumar.
|
| 246 |
3 |
|
|a Information technology experience in India
|
| 260 |
|
|
|a New Delhi ;
|a Thousand Oaks, Calif. :
|b SAGE Publications,
|c c2004.
|
| 300 |
|
|
|a 194 p. :
|b ill. ;
|c 22 cm.
|
| 500 |
|
|
|a Papers from a "Workshop on 'Equity, Diversity, and Information Technology?', held at the National Institute of Advanced Studies at the Indian Institute of Science in Bangalore.
|
| 504 |
|
|
|a Includes bibliographical references and index.
|
| 505 |
0 |
|
|a The four digital divides / Kenneth Keniston -- Towards a knowledge system for sustainable food security: the information village experiment in Pondicherry / V. Balaji, K.G. Rajamohan, R. Rajasekara Pandy, and S. Senthilkumaran -- Liberalization of Indian telecom: regulation in the era of convergence (for information infrastructure and services) / T.J. Chowdary -- Information technology to support diversity in a global economy / Pat Hall -- An update on current telecom and regulation scenario in India -- Ashok Jhunjhunwala and Bhaskar Ramamurthi -- An agenda: electronic governance for the poor / P.D. Kaushik -- Digital development / Deepak Kumar -- Science, technology, and the politics of computers in Indian languages / Harsh Kumar -- Collaborative creation of digital resources in Indian languages / Rajeev Sangal, Akshar Bharati, and Vineet Chaitanya -- The Bangalore boom: from brain drain to brain circulation? / Annalee Saxenian.
|
| 541 |
1 |
|
|e 00013145
|
| 650 |
|
0 |
|a Digital divide
|z India
|v Congresses.
|
| 650 |
|
0 |
|a Information technology
|x Social aspects
|z India
|v Congresses.
|
| 650 |
|
0 |
|a Telecommunication
|x Social aspects
|z India
|v Congresses.
|
| 650 |
|
0 |
|a Equality
|z India
|v Congresses.
|
| 650 |
|
0 |
|a Economic development projects
|z India
|v Congresses.
|
| 700 |
1 |
|
|a Keniston, Kenneth.
|
| 700 |
1 |
|
|a Kumar, Deepak,
|d 1952-
|
| 852 |
4 |
|
|a Ayesha Abed Library
|j General shelf
|
| 999 |
|
|
|c 6350
|d 6350
|
| 952 |
|
|
|0 0
|1 0
|2 ddc
|4 0
|6 303_483309540000000_ITE
|7 0
|9 6404
|a BRACUL
|b BRACUL
|c GEN
|d 2009-12-23
|g 0.00
|l 0
|o 303.48330954 ITE
|p 3010013145
|r 2009-12-23
|t 1
|w 2009-12-23
|y BK
|x No price found in the accession register.
|
| 952 |
|
|
|0 0
|1 0
|2 ddc
|4 0
|6 303_483309540000000_ITE
|7 0
|9 6405
|a BRACUL
|b BRACUL
|c GEN
|d 2009-12-23
|g 0.00
|l 0
|o 303.48330954 ITE
|p 3010013144
|r 2009-12-23
|t 2
|w 2009-12-23
|y BK
|x No price found in the accession register.
|